[Event "Albena BUL, 19th Open round_7"]
[Site "Albena BUL"]
[Date "2011.07.01"]
[Round "7.48"]
[White "Slavov, Dimitar"]
[Black "Mladenov, Emil"]
[Result "1-0"]
[WhiteElo "2230"]
[BlackElo "2157"]
[PlyCount "120"]
[EventDate "2011.??.??"]
[EventCountry "BUL"]

1. c4 e5 2. Nc3 d6 3. g3 Be6 4. Bg2 Nc6 5. b3 Qd7 6. e3 g6 7. Nge2 Bh3 8. Bf3
Bg7 9. Ng1 Bf5 10. e4 Be6 11. Bb2 Nge7 12. Nd5 O-O 13. h4 h5 14. Bg2 f5 15. d3
fxe4 16. dxe4 Rf7 17. f3 Bh6 18. Bc1 Bxc1 19. Rxc1 Nd4 20. Rc3 Raf8 21. Nh3
Bxh3 22. Bxh3 Qd8 23. O-O c6 24. Nxe7+ Qxe7 25. f4 c5 26. f5 gxf5 27. Bxf5 Nxf5
28. exf5 Rh7 29. Qd2 Rg7 30. Kh2 Rf6 31. Re3 Rg4 32. Qd3 Rd4 33. Qe2 Qf7 34.
Qf2 Kf8 35. Kh3 Ke7 36. Qf3 Kd8 37. a4 Kc8 38. Re4 Kc7 39. Rf2 a5 40. g4 hxg4+
41. Rxg4 Qh7 42. Qg2 Rf7 43. f6 Qh5 44. Qg3 e4 45. Rg5 Qh6 46. Rg7 Rd3 47.
Rxf7+ Kc6 48. Rg7 Rxg3+ 49. Rxg3 e3 50. Re2 Qxf6 51. Rexe3 Qf5+ 52. Kg2 Qc2+
53. Kh3 Qf5+ 54. Rg4 Qf2 55. Rge4 Qf5+ 56. Kg3 b6 57. Rf4 Qg6+ 58. Rg4 Qf6 59.
Rg5 Qf1 60. Rf3 d5 1-0

[Event "Albena BUL, 19th Open round_8"]
[Site "Albena BUL"]
[Date "2011.07.02"]
[Round "8.1"]
[White "Lupulescu, Constantin"]
[Black "Rodshtein, Maxim"]
[Result "1/2-1/2"]
[WhiteElo "2638"]
[BlackElo "2638"]
[PlyCount "25"]
[EventDate "2011.06.25"]
[EventType "swiss"]
[EventRounds "9"]
[EventCountry "BUL"]

1. e4 e5 2. Nf3 Nc6 3. Bb5 Nf6 4. O-O Nxe4 5. d4 Nd6 6. Bxc6 dxc6 7. dxe5 Nf5
8. Qxd8+ Kxd8 9. Nc3 h6 10. b3 Be6 11. Bb2 c5 12. Rfd1+ Kc8 13. Nd5 1/2-1/2

[Event "Albena BUL, 19th Open round_8"]
[Site "Albena BUL"]
[Date "2011.07.02"]
[Round "8.2"]
[White "Radulov, Ivan"]
[Black "Cheparinov, Ivan"]
[Result "0-1"]
[WhiteElo "2288"]
[BlackElo "2669"]
[PlyCount "66"]
[EventDate "2011.06.25"]
[EventType "swiss"]
[EventRounds "9"]
[EventCountry "BUL"]

1. Nf3 g6 2. g3 Bg7 3. d4 Nf6 4. Bg2 O-O 5. O-O d5 6. c4 dxc4 7. Na3 c3 8. bxc3
c5 9. Bb2 Nc6 10. e3 Bf5 11. Nd2 Bg4 12. Qa4 Qd7 13. Rfe1 a6 14. Bxc6 bxc6 15.
Nac4 Qf5 16. Qxc6 Rfc8 17. Qa4 Ne4 18. f3 Bxf3 19. Rf1 Ng5 20. Nxf3 Nxf3+ 21.
Kg2 Qd5 22. Rxf3 Rab8 23. e4 Qxe4 24. Ba3 cxd4 25. Nd2 Qa8 26. c4 Bh6 27. Rd1
Rb6 28. Qc2 Re6 29. Nf1 Rf6 30. Qf2 Rxc4 31. Rdd3 e5 32. Be7 Rxf3 33. Rxf3 Qe4
0-1

[Event "Albena BUL, 19th Open round_8"]
[Site "Albena BUL"]
[Date "2011.07.02"]
[Round "8.3"]
[White "Kolev, Atanas"]
[Black "Delchev, Aleksander"]
[Result "1-0"]
[WhiteElo "2590"]
[BlackElo "2619"]
[PlyCount "45"]
[EventDate "2011.06.25"]
[EventType "swiss"]
[EventRounds "9"]
[EventCountry "BUL"]

1. d4 Nf6 2. Nf3 g6 3. Bg5 Bg7 4. c3 d6 5. Nbd2 O-O 6. e4 c5 7. dxc5 dxc5 8.
Bc4 Nc6 9. Qe2 Na5 10. e5 Nd5 11. Rd1 Be6 12. Bxd5 Qxd5 13. Nb3 Qc4 14. Nxa5
Qxa2 15. b4 Qxe2+ 16. Kxe2 f6 17. Be3 b6 18. Nc6 Kf7 19. bxc5 Rfc8 20. exf6
exf6 21. Rd6 Bf8 22. Nce5+ Ke7 23. Nd4 1-0

[Event "Albena BUL, 19th Open round_8"]
[Site "Albena BUL"]
[Date "2011.07.02"]
[Round "8.4"]
[White "Nikolov, Momchil"]
[Black "Cioara, Andrei-Nestor"]
[Result "0-1"]
[WhiteElo "2583"]
[BlackElo "2427"]
[PlyCount "72"]
[EventDate "2011.06.25"]
[EventType "swiss"]
[EventRounds "9"]
[EventCountry "BUL"]

1. d4 e6 2. c4 Nf6 3. Nc3 Bb4 4. Qc2 O-O 5. a3 Bxc3+ 6. Qxc3 b5 7. cxb5 c6 8.
Qd3 cxb5 9. e4 Nc6 10. Nf3 d5 11. exd5 exd5 12. Be2 Bg4 13. O-O a6 14. a4 b4
15. Be3 Re8 16. Rac1 Qd6 17. Rfd1 Ne4 18. Nh4 Bd7 19. f3 Nc3 20. bxc3 Qe7 21.
Bd2 b3 22. Bf1 Qxh4 23. Rb1 Qf6 24. g4 Na5 25. Re1 Bxa4 26. Rxe8+ Bxe8 27. c4
Nxc4 28. Rxb3 Bb5 29. Qc3 Rc8 30. Be1 h5 31. h3 Qf4 32. Bf2 Rc6 33. Qa1 Nd2 34.
Rxb5 Nxf3+ 35. Kg2 Qh2+ 36. Kxf3 Rf6+ 0-1

[Event "Albena BUL, 19th Open round_8"]
[Site "Albena BUL"]
[Date "2011.07.02"]
[Round "8.5"]
[White "Jaracz, Pawel"]
[Black "Pancevski, Filip"]
[Result "1/2-1/2"]
[WhiteElo "2575"]
[BlackElo "2399"]
[PlyCount "35"]
[EventDate "2011.06.25"]
[EventType "swiss"]
[EventRounds "9"]
[EventCountry "BUL"]

1. e4 g6 2. d4 Bg7 3. Nf3 c6 4. Bd3 d6 5. Nbd2 Nf6 6. O-O O-O 7. Re1 Bg4 8. h3
Bxf3 9. Nxf3 Nfd7 10. e5 dxe5 11. dxe5 Nc5 12. Bf1 Qxd1 13. Rxd1 Nbd7 14. Bg5
a5 15. Bxe7 Rfe8 16. Bxc5 Nxc5 17. Re1 Re7 18. Re3 1/2-1/2

[Event "Albena BUL, 19th Open round_8"]
[Site "Albena BUL"]
[Date "2011.07.02"]
[Round "8.6"]
[White "Nikolov, Sasho"]
[Black "Svetushkin, Dmitry"]
[Result "0-1"]
[WhiteElo "2418"]
[BlackElo "2561"]
[PlyCount "120"]
[EventDate "2011.06.25"]
[EventType "swiss"]
[EventRounds "9"]
[EventCountry "BUL"]

1. d4 d5 2. c4 c6 3. Nf3 Nf6 4. Nc3 dxc4 5. a4 Bf5 6. Ne5 Nbd7 7. Nxc4 Nb6 8.
Ne5 a5 9. f3 Nfd7 10. e4 Nxe5 11. dxe5 Be6 12. Be3 Qxd1+ 13. Rxd1 Nd7 14. f4
Bb3 15. Rd4 e6 16. Bc4 Bxc4 17. Rxc4 g5 18. g3 h5 19. Nd1 Bh6 20. Ke2 Rg8 21.
Nf2 gxf4 22. gxf4 f6 23. exf6 Nxf6 24. b4 Ng4 25. Nxg4 Rxg4 26. Kf3 axb4 27.
Rxb4 O-O-O 28. h3 Rg7 29. Rd4 Rxd4 30. Bxd4 Rf7 31. f5 exf5 32. Rg1 fxe4+ 33.
Kxe4 Kd7 34. Rg6 Bf4 35. Bf6 Bd6 36. h4 Bf8 37. Ke5 Bb4 38. Ke4 Ba3 39. Bg5 Bf8
40. Rg8 Bg7 41. Rd8+ Kc7 42. Ra8 Kd6 43. Ra5 Bc3 44. Ra8 Kc5 45. Bf4 Kc4 46.
Bg5 Kb3 47. a5 c5 48. a6 bxa6 49. Rxa6 Bg7 50. Kd5 c4 51. Rb6+ Kc3 52. Rc6 Kd3
53. Rxc4 Rf5+ 54. Ke6 Re5+ 55. Kf7 Kxc4 56. Kxg7 Re6 57. Bf6 Kd5 58. Kg6 Ke4
59. Kg5 Rb6 60. Be7 Rb5+ 0-1

[Event "Albena BUL, 19th Open round_8"]
[Site "Albena BUL"]
[Date "2011.07.02"]
[Round "8.7"]
[White "Georgescu, Tiberiu-Marian"]
[Black "Berbatov, Kiprian"]
[Result "1/2-1/2"]
[WhiteElo "2397"]
[BlackElo "2490"]
[PlyCount "75"]
[EventDate "2011.06.25"]
[EventType "swiss"]
[EventRounds "9"]
[EventCountry "BUL"]

1. c4 g6 2. g3 Bg7 3. Bg2 Nf6 4. Nc3 O-O 5. e4 d6 6. Nge2 c6 7. O-O a6 8. d3 b5
9. h3 Nbd7 10. Be3 Bb7 11. f4 Nb6 12. Qb3 Nfd7 13. cxb5 axb5 14. a4 bxa4 15.
Nxa4 Nxa4 16. Rxa4 Nc5 17. Bxc5 Rxa4 18. Qxa4 dxc5 19. Qa7 Qxd3 20. Qxb7 Qxe2
21. e5 Rd8 22. Qxe7 Rd2 23. Qe8+ Bf8 24. Qxc6 c4 25. Kh1 Rxb2 26. f5 c3 27. e6
fxe6 28. fxe6 Rb8 29. Qc7 c2 30. Qxb8 Qxf1+ 31. Bxf1 c1=Q 32. Qb5 Qe1 33. Kh2
Qf2+ 34. Bg2 Be7 35. Qe8+ Qf8 36. Qd7 Kg7 37. h4 Qf6 38. Qd5 1/2-1/2

[Event "Albena BUL, 19th Open round_8"]
[Site "Albena BUL"]
[Date "2011.07.02"]
[Round "8.8"]
[White "Spassov, Liuben"]
[Black "Arnaudov, G  Petar"]
[Result "1/2-1/2"]
[WhiteElo "2384"]
[BlackElo "2449"]
[PlyCount "72"]
[EventDate "2011.06.25"]
[EventType "swiss"]
[EventRounds "9"]
[EventCountry "BUL"]

1. d4 Nf6 2. c4 g6 3. Nc3 Bg7 4. e4 d6 5. f3 O-O 6. Bg5 a6 7. Qd2 Nbd7 8. Rd1
b6 9. Nge2 c5 10. Be3 Bb7 11. Nc1 cxd4 12. Bxd4 Rc8 13. Be2 Re8 14. O-O Qc7 15.
Rfe1 Qb8 16. Bf1 e6 17. Bf2 Bf8 18. a3 Ne5 19. b3 d5 20. exd5 exd5 21. Nxd5
Nxd5 22. cxd5 Bxa3 23. Bxb6 Bxd5 24. Qxd5 Qxb6+ 25. Kh1 Bb4 26. Nd3 Rcd8 27.
Nxb4 Rxd5 28. Nxd5 Qc6 29. Bxa6 Re6 30. Bf1 Ng4 31. fxg4 Rxe1 32. Rxe1 Qxd5 33.
Bc4 Qd4 34. Rf1 Qxg4 35. Rxf7 Kh8 36. h3 Qd1+ 1/2-1/2

[Event "Albena BUL, 19th Open round_8"]
[Site "Albena BUL"]
[Date "2011.07.02"]
[Round "8.10"]
[White "Szabo, Gergely-Andras-Gyul"]
[Black "Kiroski, Toni"]
[Result "1-0"]
[WhiteElo "2545"]
[BlackElo "2340"]
[PlyCount "55"]
[EventDate "2011.06.25"]
[EventType "swiss"]
[EventRounds "9"]
[EventCountry "BUL"]

1. e4 c5 2. Nf3 d6 3. d4 cxd4 4. Nxd4 Nf6 5. Nc3 g6 6. Be3 Bg7 7. f3 O-O 8. Qd2
Nc6 9. O-O-O d5 10. Kb1 Nxd4 11. e5 Nd7 12. Bxd4 Nxe5 13. Qe3 Nc6 14. Bxg7 Kxg7
15. Rxd5 Qc7 16. h4 e6 17. Rc5 f6 18. f4 Bd7 19. h5 Be8 20. hxg6 Bxg6 21. Bd3
f5 22. Bb5 Rad8 23. Bxc6 bxc6 24. Ne2 Rd6 25. Nd4 Kf7 26. Nb5 Qb8 27. Nxd6+
Qxd6 28. Ra5 1-0

[Event "Albena BUL, 19th Open round_8"]
[Site "Albena BUL"]
[Date "2011.07.02"]
[Round "8.11"]
[White "Grigoryan, Avetik"]
[Black "Sarenac, Ivan"]
[Result "1-0"]
[WhiteElo "2608"]
[BlackElo "2315"]
[PlyCount "103"]
[EventDate "2011.06.25"]
[EventType "swiss"]
[EventRounds "9"]
[EventCountry "BUL"]

1. Nf3 Nf6 2. c4 g6 3. Nc3 d5 4. cxd5 Nxd5 5. Qb3 Nb6 6. d4 Bg7 7. Bg5 O-O 8.
Rd1 a5 9. e3 a4 10. Qa3 Re8 11. Be2 Qd6 12. Qxd6 cxd6 13. Bb5 Bd7 14. Bxd7
N8xd7 15. Ke2 Kf8 16. Rc1 Rec8 17. Rc2 h6 18. Bh4 e5 19. Rhc1 f5 20. Bg3 g5 21.
h4 f4 22. Bh2 g4 23. Ne1 fxe3 24. fxe3 exd4 25. Nb5 Re8 26. Bf4 Nd5 27. Bxd6+
Kg8 28. Nc7 Rxe3+ 29. Kd2 Ra5 30. Nxd5 Rxd5 31. Bf4 Re6 32. Nd3 Kh7 33. Rc7 Rb6
34. Re1 Bf6 35. Bg3 Bd8 36. Rc8 Nf6 37. Bc7 Rc6 38. Bxd8 Rxc8 39. Bxf6 Rd7 40.
Re4 Rf8 41. Bxd4 h5 42. Nf4 Rf5 43. Ke3 Kg8 44. Bc3 b5 45. Ng6 Kh7 46. Nf4 Kg8
47. a3 Kf7 48. Ne6 Rfd5 49. Nf4 Rf5 50. Re5 Rxe5+ 51. Bxe5 Kf8 52. Nxh5 1-0

[Event "Albena BUL, 19th Open round_8"]
[Site "Albena BUL"]
[Date "2011.07.02"]
[Round "8.12"]
[White "Nevednichy, Vladislav"]
[Black "Spiridonov, Nikola"]
[Result "1-0"]
[WhiteElo "2542"]
[BlackElo "2244"]
[PlyCount "57"]
[EventDate "2011.06.25"]
[EventType "swiss"]
[EventRounds "9"]
[EventCountry "BUL"]

1. e4 c6 2. d4 d5 3. e5 Bf5 4. Be3 Qb6 5. Qc1 e6 6. Nc3 a6 7. Nf3 c5 8. Bd3 Bg6
9. O-O c4 10. Bxg6 hxg6 11. b3 Qc7 12. bxc4 Qxc4 13. Nd1 Nd7 14. Nb2 Qc3 15.
Bd2 Qc7 16. c4 Ne7 17. Bb4 dxc4 18. Nxc4 Nd5 19. Bxf8 Kxf8 20. Qa3+ Kg8 21.
Rac1 Qd8 22. Nd6 b5 23. Rc6 N7b6 24. Rfc1 g5 25. h3 Rh6 26. Nh2 Nf4 27. Qf3 Rb8
28. g3 Nxh3+ 29. Kg2 {...} 1-0

[Event "Albena BUL, 19th Open round_8"]
[Site "Albena BUL"]
[Date "2011.07.02"]
[Round "8.14"]
[White "Becker, Michael"]
[Black "Stanojoski, Zvonko"]
[Result "0-1"]
[WhiteElo "2309"]
[BlackElo "2493"]
[PlyCount "78"]
[EventDate "2011.06.25"]
[EventType "swiss"]
[EventRounds "9"]
[EventCountry "BUL"]

1. e4 c5 2. Nf3 a6 3. c3 e6 4. d4 d5 5. exd5 exd5 6. Bg5 f6 7. Be3 c4 8. g3 Bd6
9. Bg2 Ne7 10. Nh4 Be6 11. O-O g5 12. Nf3 Qd7 13. Re1 Nbc6 14. b3 b5 15. a4 O-O
16. h4 h6 17. Nbd2 Bg4 18. Qc2 Kg7 19. Nf1 Na5 20. axb5 cxb3 21. Qb2 Qxb5 22.
N1d2 Rab8 23. Bf1 Qb6 24. c4 Nxc4 25. Nxc4 dxc4 26. Nd2 c3 27. Qxc3 b2 28. Rxa6
Qb4 29. Qc2 Rfc8 30. Qb1 Bf5 31. Bd3 Rc1 32. Bxf5 Rxb1 33. Bxb1 Nd5 34. Ra7+
Rb7 35. Rxb7+ Qxb7 36. hxg5 hxg5 37. Nc4 Bb4 38. Re2 Nxe3 39. Rxe3 Qa8 0-1

[Event "Albena BUL, 19th Open round_8"]
[Site "Albena BUL"]
[Date "2011.07.02"]
[Round "8.15"]
[White "Stoma, Pawel"]
[Black "Donchev, Dimitar I"]
[Result "1-0"]
[WhiteElo "2326"]
[BlackElo "2452"]
[PlyCount "59"]
[EventDate "2011.06.25"]
[EventType "swiss"]
[EventRounds "9"]
[EventCountry "BUL"]

1. e4 c5 2. Nf3 a6 3. d4 cxd4 4. c3 d3 5. c4 Nc6 6. Bxd3 d6 7. Nc3 Nf6 8. h3 g6
9. Be3 Bg7 10. O-O O-O 11. Rc1 Nd7 12. Be2 Nc5 13. Nd4 Nxd4 14. Bxd4 Bh6 15. f4
e5 16. fxe5 Bxc1 17. exd6 Ne6 18. Nd5 Qxd6 19. Bf6 Qc5+ 20. Kh1 Bg5 21. b4 Qd6
22. e5 Qd8 23. Bxd8 Rxd8 24. Qe1 Rf8 25. Bf3 a5 26. b5 a4 27. Nf6+ Kh8 28. Bd5
h5 29. Ne4 Be7 30. Nd6 1-0

[Event "Albena BUL, 19th Open round_8"]
[Site "Albena BUL"]
[Date "2011.07.02"]
[Round "8.16"]
[White "Rzayev, Bahruz Iqbal Oglu"]
[Black "Akesson, Ralf"]
[Result "1-0"]
[WhiteElo "2292"]
[BlackElo "2451"]
[PlyCount "109"]
[EventDate "2011.06.25"]
[EventType "swiss"]
[EventRounds "9"]
[EventCountry "BUL"]

1. e4 c5 2. Nc3 Nc6 3. Bb5 Nd4 4. Bc4 e6 5. Nge2 Nxe2 6. Qxe2 Ne7 7. d3 Nc6 8.
Be3 a6 9. a4 Be7 10. O-O O-O 11. f4 b6 12. Kh1 Bb7 13. Rae1 Nb4 14. Bg1 Bh4 15.
Rd1 d5 16. Bb3 Rc8 17. f5 exf5 18. Rxf5 g6 19. Rff1 Qe7 20. Qg4 d4 21. Ne2 Nc6
22. Nf4 Ne5 23. Qe2 Rce8 24. Nd5 Qd8 25. c3 Nc6 26. Bf2 Bg5 27. Ba2 Ne7 28.
Nxe7+ Rxe7 29. cxd4 cxd4 30. Be1 a5 31. Bd2 Bxd2 32. Qxd2 Kg7 33. Rf4 Qd6 34.
Rdf1 f6 35. Rh4 g5 36. Rh3 h6 37. Rhf3 Bc8 38. Bd5 Bd7 39. Qf2 Qe5 40. b3 Bg4
41. Rg3 Bh5 42. Bc4 f5 43. Rh3 Bg4 44. Rg3 Rf6 45. h3 fxe4 46. Qxf6+ Qxf6 47.
Rxf6 Kxf6 48. hxg4 e3 49. Rf3+ Ke5 50. Kg1 h5 51. gxh5 g4 52. Rf7 Re8 53. h6
Kd6 54. Kf1 Re5 55. Rf6+ 1-0

[Event "Albena BUL, 19th Open round_8"]
[Site "Albena BUL"]
[Date "2011.07.02"]
[Round "8.17"]
[White "Sanduleac, Vasile"]
[Black "Yordanova, Svetla"]
[Result "1-0"]
[WhiteElo "2424"]
[BlackElo "2137"]
[PlyCount "69"]
[EventDate "2011.06.25"]
[EventType "swiss"]
[EventRounds "9"]
[EventCountry "BUL"]

1. e4 e6 2. d3 d5 3. Nd2 c5 4. Ngf3 Nc6 5. g3 Nf6 6. Bg2 Be7 7. O-O b6 8. exd5
Nxd5 9. Nc4 Bb7 10. a4 Qc7 11. c3 O-O-O 12. a5 b5 13. a6 Ba8 14. Na3 b4 15. Nb5
Qb6 16. Qa4 Nc7 17. Nxc7 Qxc7 18. Bf4 Bd6 19. Be3 bxc3 20. bxc3 Ne7 21. Rab1
Nd5 22. c4 Nc3 23. Qa1 Nxb1 24. Rxb1 f6 25. d4 Be4 26. Rb5 Qc6 27. Bh3 Rhe8 28.
Nd2 cxd4 29. Qxd4 Bd5 30. Qxd5 Qxd5 31. cxd5 f5 32. Bxa7 exd5 33. Bb6 Bc7 34.
Bxf5+ Kb8 35. Ba5+ 1-0

[Event "Albena BUL, 19th Open round_8"]
[Site "Albena BUL"]
[Date "2011.07.02"]
[Round "8.18"]
[White "Jaracz, Barbara"]
[Black "Georgiev, Krum"]
[Result "1/2-1/2"]
[WhiteElo "2275"]
[BlackElo "2423"]
[PlyCount "110"]
[EventDate "2011.06.25"]
[EventType "swiss"]
[EventRounds "9"]
[EventCountry "BUL"]

1. e4 c5 2. Nf3 d6 3. d4 cxd4 4. Nxd4 Nf6 5. Nc3 a6 6. Be3 e6 7. f3 Be7 8. Qd2
b5 9. g4 Bb7 10. O-O-O Nfd7 11. g5 Nb6 12. h4 N8d7 13. Bd3 Rc8 14. Rhg1 Ne5 15.
h5 O-O 16. g6 Nbc4 17. Bxc4 Nxc4 18. Qd3 Bf6 19. gxf7+ Rxf7 20. f4 Qa5 21. Nb3
Nxb2 22. Nxa5 Nxd3+ 23. Rxd3 Rxc3 24. Nxb7 Rxb7 25. Rxc3 Bxc3 26. Rd1 Bb4 27.
Kb2 Rc7 28. Bd4 Rf7 29. Be3 Rd7 30. Kb3 Ba5 31. a4 Rc7 32. axb5 axb5 33. Bd4
Rc4 34. c3 Bc7 35. e5 dxe5 36. fxe5 Ra4 37. Rg1 h6 38. Rb1 Bd8 39. Kc2 Ra5 40.
Kd3 Bg5 41. Bb6 Ra2 42. Rxb5 Rd2+ 43. Ke4 Rh2 44. Bd4 Rxh5 45. c4 Rh1 46. Kd3
Rh3+ 47. Ke4 Rh1 48. c5 Rc1 49. Rb6 Kf7 50. c6 Bd8 51. Ra6 Bc7 52. Be3 Rc3 53.
Bd4 Rc1 54. Be3 Rc3 55. Bd4 Rc1 1/2-1/2

[Event "Albena BUL, 19th Open round_8"]
[Site "Albena BUL"]
[Date "2011.07.02"]
[Round "8.19"]
[White "Aseeva, Marina"]
[Black "Lilov, Valeri"]
[Result "1/2-1/2"]
[WhiteElo "2199"]
[BlackElo "2412"]
[PlyCount "91"]
[EventDate "2011.06.25"]
[EventType "swiss"]
[EventRounds "9"]
[EventCountry "BUL"]

1. e4 e5 2. Nf3 Nc6 3. d4 exd4 4. Nxd4 Bc5 5. Be3 Qf6 6. c3 Nge7 7. Bc4 Bb6 8.
O-O Ne5 9. Be2 Qg6 10. Nd2 h5 11. a4 a6 12. a5 Ba7 13. Kh1 Ng4 14. Bf4 d6 15.
h3 Ne5 16. Bh2 h4 17. f4 N5c6 18. f5 Qf6 19. N4f3 Qh6 20. b4 Bd7 21. Nb3 f6 22.
Nfd4 g6 23. Bf4 Qh7 24. b5 Nxd4 25. Nxd4 gxf5 26. b6 cxb6 27. Nxf5 Nxf5 28.
exf5 O-O 29. Qb3+ Kh8 30. axb6 Bb8 31. Ra5 Bc6 32. Bf3 Qd7 33. c4 d5 34. Bxb8
Raxb8 35. Bxd5 Rg8 36. Qf3 Rg5 37. Bxc6 bxc6 38. Rxa6 Rbg8 39. Ra7 Qd2 40. Rg1
Qd4 41. Qxc6 Rg3 42. Raa1 Qc3 43. Kh2 Qe5 44. Kh1 Qf4 45. Kh2 Qe5 46. Kh1
1/2-1/2

[Event "Albena BUL, 19th Open round_8"]
[Site "Albena BUL"]
[Date "2011.07.02"]
[Round "8.20"]
[White "Soltanici, Ruslan"]
[Black "Vetrov, Alexey"]
[Result "1-0"]
[WhiteElo "2367"]
[BlackElo "2122"]
[PlyCount "49"]
[EventDate "2011.06.25"]
[EventType "swiss"]
[EventRounds "9"]
[EventCountry "BUL"]

1. e4 c6 2. d4 d5 3. exd5 cxd5 4. c4 Nf6 5. Nc3 e6 6. Nf3 Bb4 7. cxd5 Nxd5 8.
Bd2 O-O 9. Bd3 Nf6 10. O-O Nc6 11. Bg5 h6 12. Be3 b6 13. Ne4 Be7 14. Nxf6+ Bxf6
15. Be4 Bb7 16. Rc1 Na5 17. Bb1 Qd6 18. Qd3 Rfd8 19. Qh7+ Kf8 20. b4 Nc6 21.
Be4 Rab8 22. g3 Qd7 23. Bf4 Rbc8 24. d5 Nxb4 25. Qh8+ 1-0

[Event "Albena BUL, 19th Open round_8"]
[Site "Albena BUL"]
[Date "2011.07.02"]
[Round "8.21"]
[White "Idrisov, Tabriz Arif Oglu"]
[Black "Vutov, Mario"]
[Result "0-1"]
[WhiteElo "2204"]
[BlackElo "2342"]
[PlyCount "112"]
[EventDate "2011.06.25"]
[EventType "swiss"]
[EventRounds "9"]
[EventCountry "BUL"]

1. d4 Nf6 2. c4 g6 3. Nc3 Bg7 4. e4 d6 5. f3 O-O 6. Be3 c6 7. Bd3 a6 8. a4 e5
9. d5 a5 10. Nge2 Na6 11. Rc1 Nd7 12. O-O Ndc5 13. Bb1 Qe7 14. Bc2 f5 15. exf5
gxf5 16. Qd2 Rf7 17. Rcd1 Bf8 18. Kh1 Nb4 19. Bg5 Qe8 20. Rfe1 cxd5 21. cxd5
Bd7 22. b3 Rg7 23. Bh6 Rg6 24. Bxf8 Qxf8 25. Nc1 Nxc2 26. Qxc2 Rc8 27. Qd2 Qd8
28. f4 e4 29. N3e2 Qb6 30. Nd4 Nd3 31. Nxd3 Qxd4 32. Nc1 Qxd2 33. Rxd2 Rc3 34.
Kg1 Rg7 35. Rb2 Be8 36. Kf1 Rgc7 37. Ne2 Rd3 38. Rbb1 Rxd5 39. Red1 Rd3 40. Ng3
Bf7 41. Nxf5 Bxb3 42. Rdc1 Rxc1+ 43. Rxc1 Bxa4 44. Rc7 Bc6 45. Nh6+ Kf8 46. f5
Rc3 47. Rf7+ Ke8 48. Kf2 e3+ 49. Kg3 e2+ 50. Kf2 Re3 51. Ke1 Re7 52. Rf6 Bb5
53. Rxd6 Rd7 54. Re6+ Kf8 55. Ng4 Rd1+ 56. Kf2 Rf1+ 0-1

[Event "Albena BUL, 19th Open round_8"]
[Site "Albena BUL"]
[Date "2011.07.02"]
[Round "8.22"]
[White "Taras, Iulian-Ioan"]
[Black "Chatalbashev, Boris"]
[Result "0-1"]
[WhiteElo "2267"]
[BlackElo "2591"]
[PlyCount "76"]
[EventDate "2011.06.25"]
[EventType "swiss"]
[EventRounds "9"]
[EventCountry "BUL"]

1. d4 g6 2. c4 Bg7 3. Nf3 c5 4. d5 d6 5. e4 e6 6. Nc3 exd5 7. cxd5 a6 8. a4 Bg4
9. Be2 Bxf3 10. Bxf3 Nd7 11. O-O Ne7 12. Bg5 h6 13. Bf4 Ne5 14. Be2 O-O 15. Qd2
Kh7 16. Be3 f5 17. f4 Nd7 18. e5 dxe5 19. fxe5 Nxe5 20. d6 N7c6 21. Bxc5 Qa5
22. Ba3 b5 23. axb5 axb5 24. Bxb5 Nd4 25. Ba4 Nc4 26. Qd3 Nxa3 27. Rxa3 Qb6 28.
Kh1 Qxd6 29. Rd1 Qb4 30. Ra2 Rfd8 31. h3 Ne6 32. Qf1 Rxd1 33. Qxd1 Nc5 34. Bb3
Re8 35. Bd5 Qh4 36. Ra1 Qf2 37. Rb1 Bd4 38. Qf3 Re1+ 0-1

[Event "Albena BUL, 19th Open round_8"]
[Site "Albena BUL"]
[Date "2011.07.02"]
[Round "8.23"]
[White "Tashkov, Rumen"]
[Black "Grigorov, Grigor"]
[Result "1-0"]
[WhiteElo "2248"]
[BlackElo "2497"]
[PlyCount "61"]
[EventDate "2011.06.25"]
[EventType "swiss"]
[EventRounds "9"]
[EventCountry "BUL"]

1. d4 Nf6 2. c4 g6 3. Nf3 Bg7 4. g3 O-O 5. Bg2 d6 6. O-O c6 7. Nc3 Qa5 8. e4 e5
9. d5 cxd5 10. cxd5 b5 11. a3 b4 12. Na2 bxa3 13. Nc3 Qb4 14. Rxa3 Nxe4 15.
Nxe4 Qxe4 16. Ng5 Qg4 17. Ne6 Qxd1 18. Rxd1 Na6 19. Nxf8 Kxf8 20. Be3 Rb8 21.
Rc1 Nc5 22. b4 Nd7 23. Rxa7 Ke8 24. Bh3 f5 25. g4 Bf6 26. gxf5 g5 27. Rc6 Ke7
28. b5 Bb7 29. Rc7 Bc8 30. Bf1 Ke8 31. b6 1-0

[Event "Albena BUL, 19th Open round_8"]
[Site "Albena BUL"]
[Date "2011.07.02"]
[Round "8.24"]
[White "Popov, Petar"]
[Black "Gruenfeld, Yehuda"]
[Result "0-1"]
[WhiteElo "2244"]
[BlackElo "2484"]
[PlyCount "44"]
[EventDate "2011.06.25"]
[EventType "swiss"]
[EventRounds "9"]
[EventCountry "BUL"]

1. e4 c5 2. c3 Nf6 3. e5 Nd5 4. d4 cxd4 5. Nf3 Nc6 6. cxd4 d6 7. Bc4 Nb6 8. Bb3
d5 9. Nh4 e6 10. Nf3 Be7 11. O-O g5 12. Nc3 h5 13. Be3 a6 14. Bc2 Nc4 15. b3
Nxe3 16. fxe3 Qa5 17. Na4 b5 18. Nb2 g4 19. Ne1 Qc3 20. Nbd3 Bg5 21. Kf2 Nxd4
22. Rc1 Nf5 0-1

[Event "Albena BUL, 19th Open round_8"]
[Site "Albena BUL"]
[Date "2011.07.02"]
[Round "8.25"]
[White "Filip, Lucian"]
[Black "Olarasu, Gabriela"]
[Result "1-0"]
[WhiteElo "2467"]
[BlackElo "2266"]
[PlyCount "61"]
[EventDate "2011.06.25"]
[EventType "swiss"]
[EventRounds "9"]
[EventCountry "BUL"]

1. Nf3 d5 2. c4 c6 3. d4 Nf6 4. Nc3 e6 5. g3 Bd6 6. Bg2 Nbd7 7. O-O O-O 8. Nd2
Bb4 9. a3 Bxc3 10. bxc3 b6 11. cxd5 cxd5 12. c4 Bb7 13. a4 Qc7 14. Ba3 Rfc8 15.
Rc1 Qb8 16. e3 a6 17. cxd5 exd5 18. Qb3 Rxc1 19. Rxc1 Qd8 20. Nb1 Rc8 21. Nc3
Nf8 22. Rb1 Ne6 23. Na2 Rc6 24. Nb4 Rc4 25. Nd3 Nd7 26. Ne5 Nxe5 27. dxe5 Qd7
28. Qxb6 Nd8 29. Bh3 Qe8 30. Qd6 d4 31. Bd7 1-0

[Event "Albena BUL, 19th Open round_8"]
[Site "Albena BUL"]
[Date "2011.07.02"]
[Round "8.26"]
[White "Ermenkov, Evgenij"]
[Black "Slavov, Dimitar"]
[Result "1-0"]
[WhiteElo "2451"]
[BlackElo "2230"]
[PlyCount "91"]
[EventDate "2011.06.25"]
[EventType "swiss"]
[EventRounds "9"]
[EventCountry "BUL"]

1. e4 c6 2. d4 d5 3. Nd2 dxe4 4. Nxe4 Bf5 5. Ng3 Bg6 6. N1e2 e6 7. Nf4 Bd6 8.
c3 Nf6 9. h4 Bxf4 10. Bxf4 h6 11. h5 Bh7 12. Qb3 Qb6 13. Qa3 Nbd7 14. Bd6 a5
15. Be2 Rc8 16. Rd1 c5 17. dxc5 Nxc5 18. O-O Nd5 19. Be5 O-O 20. Rd2 Nd7 21.
Bd4 Qc7 22. Rfd1 Rfd8 23. Bf3 N7f6 24. c4 Nb4 25. Be5 Qe7 26. Bd6 Qe8 27. Qxa5
Nc6 28. Qb5 Rd7 29. b3 g5 30. hxg6 Bxg6 31. Bf4 Rxd2 32. Rxd2 e5 33. Bxh6 Kh7
34. Bg5 Nd4 35. Qxb7 Rb8 36. Qa7 Nxf3+ 37. gxf3 Nh5 38. Qe3 Qe6 39. f4 Nxf4 40.
Bxf4 exf4 41. Qxf4 Qe1+ 42. Kg2 Re8 43. Rd4 Qe6 44. c5 Ra8 45. Qd6 Qe1 46. Qf6
1-0

[Event "Albena BUL, 19th Open round_8"]
[Site "Albena BUL"]
[Date "2011.07.02"]
[Round "8.27"]
[White "Ivelinov, Hristo"]
[Black "Paikidze, Nazi"]
[Result "0-1"]
[WhiteElo "2236"]
[BlackElo "2408"]
[PlyCount "88"]
[EventDate "2011.06.25"]
[EventType "swiss"]
[EventRounds "9"]
[EventCountry "BUL"]

1. e4 c6 2. d4 d5 3. f3 Qb6 4. Nc3 dxe4 5. fxe4 e5 6. Nf3 exd4 7. Qxd4 Qxd4 8.
Nxd4 Bc5 9. Nb3 Be7 10. Bf4 Nf6 11. Bd3 Nbd7 12. O-O-O Ng4 13. Rdf1 Nge5 14.
Nd4 Nxd3+ 15. cxd3 Nc5 16. Kc2 O-O 17. Be3 Rd8 18. Nf5 Bxf5 19. Bxc5 Bxc5 20.
Rxf5 Bf8 21. Rhf1 Rd7 22. g4 g6 23. R5f3 Bg7 24. g5 b5 25. h4 a5 26. h5 a4 27.
h6 Be5 28. Nd1 b4 29. Kb1 b3 30. a3 c5 31. Nf2 c4 32. Ng4 Bh8 33. Ne3 Rxd3 34.
Nxc4 Rd4 35. Nb6 Rf8 36. Rf4 Be5 37. Rg4 f5 38. Rh4 fxe4 39. Rxf8+ Kxf8 40. Kc1
Bc7 41. Na8 Ba5 42. Rf4+ Ke7 43. Rf6 Bd2+ 44. Kb1 Bf4 0-1